| 000 | 01490nam a2200289 i 4500 | ||
|---|---|---|---|
| 001 | 183864 | ||
| 003 | ES-MaACL | ||
| 005 | 20231110171615.0 | ||
| 008 | 141030s2011 sp abef| | |||| | spa d | ||
| 020 | _a978-84-92641-81-9 | ||
| 080 | _a378.4(460.27 M.).096:72 | ||
| 110 | 2 |
_aUniversidad Politécnica de Madrid. _bCentro de Investigación de Arquitectura Tradicional. _9155815 |
|
| 245 | 1 | 0 |
_aMemoria de actividades, 1996-2010 / _cCIAT, Centro de Investigación de Arquitectura Tradicional ; [edición a cargo de Fernando Vela Cossío]. |
| 246 | 3 | 8 |
_aCentro de Investigación de Arquitectura Tradicional _b: memoria de actividades, 1996-2010 |
| 260 |
_aMadrid : _bEscuela Técnica Superior de Arquitectura : _bMairea Libros, _cD.L. 2011. |
||
| 300 |
_a93 p. : _bil. col. y n., fot., mapas, planos ; _c24 cm. |
||
| 505 | 8 |
_aContiene: ; _tLa Villa de Boceguillas (Segovia) - Publicaciones [con reseñas] |
|
| 610 | 2 | 7 |
_aUniversidad Politécnica de Madrid. _bCentro de Investigación de Arquitectura Tradicional. _9155815 |
| 651 | 4 |
_aBoceguillas- _xHistoria. _9155811 |
|
| 700 | 1 |
_aVela Cossío, Fernando. _9113683 |
|
| 710 | 2 |
_aUniversidad Politécnica de Madrid. _bEscuela Técnica Superior de Arquitectura. _97437 |
|
| 740 | 3 | _aLa Villa de Boceguillas (Segovia) | |
| 852 |
_aES-MaACL _jA-13289 _9190821 _bR.150176 _cDEPO1 _dOlim: N-6289 _hDonación: Fernando Vela Cossío |
||
| 903 |
_9113683 _aVela Cossío, Fernando _ednr |
||
| 942 |
_2udc _cMONOGRAFIA |
||
| 999 |
_c183864 _d183864 |
||